「ポケモン言えるかな?」の歌詞(ポケモンのみ) - Statistics

General Stats
  • This quiz has been taken 114 times
  • The average score is 38 of 150
Answer Stats
登場 名前 % Correct
1 ピカチュウ
100%
2 カイリュー
82%
3 ヤドラン
78%
9 サンダース
72%
4 ピジョン
71%
6 コラッタ
71%
7 ズバット
70%
10 メノクラゲ
70%
8 ギャロップ
69%
5 コダック
68%
11 パウワウ
64%
12 カラカラ
63%
13 タマタマ
62%
14 ガラガラ
61%
16 アーボ
61%
17 イーブイ
61%
15 フシギダネ
60%
18 ウツドン
59%
19 エレブー
59%
22 サイドン
54%
23 ジュゴン
54%
25 ディグダ
54%
26 ドードリオ
54%
27 ゲンガー
54%
24 ポリゴン
53%
20 カビゴン
51%
28 ドガース
50%
21 カブト
48%
32 クサイハナ
46%
29 ルージュラ
44%
30 ニャース
39%
31 シャワーズ
38%
66 オニスズメ
33%
33 コクーン
32%
35 イワーク
32%
37 ラッキー
32%
34 ゴースト
31%
36 ヒトカゲ
31%
38 ラッタ
30%
41 レアコイル
30%
40 コイル
29%
68 パラセクト
28%
42 プクリン
27%
44 ニョロゾ
27%
45 トサキント
27%
39 オニドリル
26%
43 ゼニガメ
26%
46 ファイヤー
23%
59 アズマオウ
23%
60 トランセル
23%
67 サンド
23%
116 ユンゲラー
23%
47 ブースター
22%
49 ブーバー
21%
50 ストライク
21%
52 ピクシー
21%
53 シードラ
21%
54 ライチュウ
21%
55 ヒトデマン
21%
56 クラブ
21%
57 ニドクイン
21%
58 サンドパン
21%
51 キャタピー
20%
73 コイキング
20%
77 カメックス
20%
99 ナゾノクサ
20%
117 キングラー
20%
48 フーディン
19%
61 ドードー
19%
62 タッツー
19%
64 マンキー
19%
76 フシギソウ
19%
150 オコリザル
19%
63 ガーディ
18%
65 ドククラゲ
18%
70 ビードル
18%
71 カイロス
18%
72 ピジョット
18%
75 マタドガス
18%
82 ベトベトン
18%
118 サワムラー
18%
69 スリープ
17%
74 サイホーン
17%
78 シェルダー
17%
80 リザード
17%
83 ポッポ
17%
84 ウツボット
17%
97 ニドラン♀
17%
98 ニドラン♂
17%
119 エビワラー
17%
79 サンダー
16%
81 ナッシー
16%
94 オムナイト
16%
85 プリン
14%
86 ケーシィ
14%
87 ベトベター
14%
89 ギャラドス
14%
96 アーボック
14%
120 カイリキー
14%
88 ガルーラ
13%
90 ゴローニャ
13%
91 ピッピ
13%
93 ゴルダック
13%
95 ゴルバット
13%
100 ニョロボン
13%
103 ラフレシア
13%
121 スリーパー
13%
123 スターミー
13%
92 イシツブテ
12%
101 カモネギ
12%
122 ゴーリキー
12%
124 マダツボミ
12%
125 プテラ
12%
127 ペルシアン
12%
102 ラプラス
11%
108 フシギバナ
11%
109 パラス
11%
110 リザードン
11%
115 ビリリダマ
11%
126 ニドリーノ
11%
107 マルマイン
10%
128 ハクリュー
10%
132 ベロリンガ
10%
111 コンパン
9%
112 ヤドン
9%
131 スピアー
9%
104 カブトプス
8%
105 ニドリーナ
8%
106 バリヤード
8%
113 メタモン
8%
114 ゴース
8%
129 ミュウツー
8%
130 キュウコン
8%
133 バタフリー
8%
136 オムスター
8%
134 ダグトリオ
7%
135 ニドキング
7%
137 パルシェン
7%
138 ニョロモ
7%
139 ゴローン
7%
140 ロコン
7%
141 ケンタロス
7%
142 ポニータ
7%
143 モンジャラ
7%
144 ミニリュウ
7%
145 ワンリキー
7%
146 モルフォン
7%
147 カメール
7%
148 ウインディ
7%
149 フリーザー
7%
No matching quizzes found
Score Distribution
Percent of People with Each Score
Percentile by Number Answered
Your Score History
You have not taken this quiz